The Madras account code vol,1 (Record no. 500633)

000 -LEADER
fixed length control field 00283cam a22000977a 4500
008 - FIXED-LENGTH DATA ELEMENTS--GENERAL INFORMATION
fixed length control field 180718b1975 xxu||||| |||| 00| 0 eng d
082 ## - DEWEY DECIMAL CLASSIFICATION NUMBER
Classification number L8x5452 M267/1
245 ## - TITLE STATEMENT
Title The Madras account code vol,1
260 ## - PUBLICATION, DISTRIBUTION, ETC.
Place of publication, distribution, etc. Tamil Nadu
Name of publisher, distributor, etc. The Director of Stationery and Printing
Date of publication, distribution, etc. 1975
300 ## - PHYSICAL DESCRIPTION
Extent 135+p.
Holdings
Withdrawn status Lost status Damaged status Not for loan Permanent Location Current Location Date acquired Full call number Barcode Date last seen Price effective from Koha item type
        Indian Institute of Public Administration Indian Institute of Public Administration 2018-08-04 L8x5452 M267/1 GG15794 2018-08-04 2018-08-04 GG

Powered by Koha